| 000 | 00850pam a2200265 a 4500 | ||
|---|---|---|---|
| 001 | 714 | ||
| 005 | 20240217082228.0 | ||
| 020 | _a0516066722 | ||
| 020 | _a9780516466729 | ||
| 040 |
_aDLC _cDLC _dDLC _beng |
||
| 050 | 0 | 0 |
_aG530.T6 _bK46 1993 |
| 082 | 0 | 0 |
_a910/.91634 _220 |
| 100 | 1 | _aKent, Deborah. | |
| 245 | 1 | 4 |
_aThe Titanic / _cDeborah Kent. |
| 260 |
_aChicago : _bChildrens Press, _c1993. |
||
| 300 |
_a31 pages : _bcolor illustrations ; _c25 cm. |
||
| 505 | _aU | ||
| 520 | _aDescribes the disastrous 1912 sinking of the world's largest ocean liner after colliding with an iceberg during its maiden voyage. | ||
| 521 |
_a1020
_bLexiles |
||
| 521 |
_aU
_bRaz-Plus |
||
| 650 | 0 |
_aShipwrecks _zNorth Atlantic Ocean _xJuvenile literature. |
|
| 650 | 1 | _aShipwrecks. | |
| 906 |
_a7 _bcbc _corignew _d1 _eocip _f19 _gy-gencatlg |
||
| 942 |
_2ddc _cBK _n0 |
||
| 999 |
_c714 _d714 |
||